000 00605nam a22002057a 4500
999 _c16851
_d16851
003 AR-CdUCM
008 190506b ||||| |||| 00| 0 spa d
040 _aMUNICIPALIDAD PROVINCIAL DEL CUSCO
_cBIBLIOTECA MUNICIPAL DEL CUSCO
082 _a512.1 /
_bK17
100 _aKaplan, W.
_936553
245 _aCalculo Avanzado /
260 _aMéxico :
_bContinental,
_c1962.
300 _a861 paginas ;
_c21 cm.
505 _aContenido :Análisis matemático /
650 _aMatematica
_920026
650 _aCalculo
_918765
650 _aAnálisis
_92730
942 _2ddc
_cLIBROS
945 _arjall
_d2019-05-06